Legislative Officials - Statistics

General Stats
  • This quiz has been taken 11 times
  • The average score is 8 of 14
Answer Stats
Hint Answer % Correct
Senate President JD Vance
83%
Speaker of the house Mike Johnson
83%
President Pro-Tempore Chuck Grassley
67%
Senate minority leader Chuck Schumer
67%
House minority leader Hakeem Jeffries
67%
Virginia senior senator Mark Warner
67%
Virginia junior senator Tim Kaine
67%
VA 7th district representative Eugene Vindman
50%
Senate majority leader John Thune
50%
House minority whip Katherine Clark
50%
House majority leader Steve Scalise
50%
House majority whip Tom Emmer
50%
Senate majority whip John Barrasso
33%
Senate minority whip Richard Durbin
33%
No matching quizzes found
Score Distribution
Percent of People with Each Score
Percentile by Number Answered
Your Score History
You have not taken this quiz